|
|
|
|
| LEADER |
00000nam2a2200000 4500 |
| 001 |
108424 |
| 005 |
20231031115628.0 |
| 010 |
|
|
|a 5741804217
|
| 035 |
|
|
|a (RuTPU)RU\TPU\book\117050
|
| 090 |
|
|
|a 108424
|
| 100 |
|
|
|a 20070119d2006 m y0rusy50 ca
|
| 101 |
0 |
|
|a rus
|
| 102 |
|
|
|a RU
|
| 105 |
|
|
|a a j 000zy
|
| 200 |
0 |
|
|a Ч. 1: Аналитическая геометрия и элементы линейной алгебры
|
| 210 |
|
|
|d 2006
|
| 215 |
|
|
|a 503 с.
|c ил.
|
| 330 |
|
|
|a Изложены следующие разделы: матрицы, определители, системы линейных уравнений, аналитическая геометрия. Приведены вопросы для самопроверки и набор задач для самостоятельной работы. Прилагаются пять контрольных работ по 30 вариантов. Е.В. Куликова — канд. физ.-мат. наук, доц. кафедры Высшей математики Московского государственного горного университета. Для студентов горных специальностей направления подготовки ди пломированных специалистов «Горное дело».
|
| 461 |
|
1 |
|0 (RuTPU)RU\TPU\book\120121
|t Высшая математика для горных вузов
|o учебное пособие
|f Е. В. Куликова
|v Ч. 1: Аналитическая геометрия и элементы линейной алгебры
|d 2006
|
| 610 |
1 |
|
|a высшая математика
|
| 610 |
1 |
|
|a учебные пособия
|
| 610 |
1 |
|
|a аналитическая геометрия
|
| 610 |
1 |
|
|a линейная алгебра
|
| 610 |
1 |
|
|a матрицы
|
| 610 |
1 |
|
|a определители
|
| 610 |
1 |
|
|a линейные уравнения
|
| 610 |
1 |
|
|a векторная алгебра
|
| 610 |
1 |
|
|a прямые линии
|
| 610 |
1 |
|
|a линии второго порядка
|
| 610 |
1 |
|
|a плоскости
|
| 610 |
1 |
|
|a поверхности второго порядка
|
| 801 |
|
1 |
|a RU
|b 63413507
|c 20070119
|g PSBO
|
| 801 |
|
2 |
|a RU
|b 63413507
|c 20120504
|g PSBO
|
| 900 |
|
|
|a Высшая математика
|
| 900 |
|
|
|a Аналитическая геометрия и линейная алгебра
|
| 942 |
|
|
|c BK
|
| 951 |
|
|
|b 130400
|
| 959 |
|
|
|a 1/20070112
|d 1
|e 580,00
|f ЧЗТЛ:1
|